000 00980nam a22003377a 4500
001 0009431
003 KOHA_MİRAKIL
005 20260207001708.0
007 ta
008 091020b2006 tu |||gr||||#0|||0|tur |
020 _a9754375208
040 _aTR-BiSEU
_btur
_cTR-BiSEU
_erda
041 0 _atur
044 _ctu
050 _aDR432
_b.A93 2006
100 1 _aAydoğdu, Cengiz.
245 1 _aBize velvele düştü/
_cCengiz Aydoğdu ; Cengiz Aydoğdu.
264 1 _aİstanbul :
_bÖtüken Neşriyat
_c2006
300 _a242 sayfa
336 _ametin
_btxt
_2rdacontent
337 _aaracısız
_bn
_2rdamedia
338 _acilt
_bnc
_2rdacarrier
490 1 _aÖtüken Yayın no ;
_v599.
490 1 _aKültür serisi ;
_v274.
650 0 _aTürkiye--Entellektüel hayat.
_97398
650 0 _aTurkey--Intellectual life.
_97401
830 1 _aÖtüken Yayın no ;
_v599.
_923364
830 1 _aKültür serisi ;
_v274.
_95523
907 _aTarih
942 _2lcc
_cBK
999 _c9403
_d9403